000 00762nam a2200205 i 4500
001 32374
003 ES-MaACL
005 20250824063031.0
007 t|
008 030131s1904 sp |||| | spa d
100 1 _aBenito, Enrique de,
_d1882-1930
_927657
245 1 0 _aJuicio crítico de las Empresas políticas, de Saavedra Fajardo, y examen de su doctrina jurídica /
_ctesis doctoral de Enrique de Benito y de la Llave leída el 13 de octubre de 1903.
260 _aZaragoza :
_b[s.n.],
_c1904 (
_fM. Sevilla)
300 _a115 p. ;
_c19 cm.
502 _aTesis doctoral.
600 1 4 _aSaavedra Fajardo, Diego de-
_xPensamiento político.
_9101140
740 0 2 _aEmpresas políticas.
852 _aES-MaACL
_jT-1032-F-7
999 _c32374
_d32374